Title In The Lyrics - 90s Rock - Statistics

General Stats
  • This quiz has been taken 33 times
  • The average score is 4 of 15
Answer Stats
Hint Answer % Correct
“I am smellin’ like the rose that somebody gave me ‘cause I’m ___ __ ____” Dead and Bloated - Stone Temple Pilots
74%
“The day is done, but I’m having fun, I think I’m ___, or maybe just happy” Dumb - Nirvana
67%
“You gonna wait too, fat boy, fat boy, wait til’ _______” Tomorrow - Silverchair
48%
“Got a _______, it’s better than the rest, green to red, ______” Machinehead - Bush
37%
“I want to take you through a wasteland I like to call my home, _____ __ ______” Welcome To Paradise - Green Day
37%
“I have become _______ to this world, I have become _______ to my girl” Cumbersome - Seven Mary Three
33%
“I’ll be with you, girl, like being __, hey-hey-hey, like being stoned” Low - Cracker
26%
“I will walk with my face blood, I will walk with my shadow flag, into your ____” Garden - Pearl Jam
22%
“To leave you there, by yourself, chained to fate _ ___ love you, _ ___ tempt you” I Alone - Live
22%
“So you couldn’t __ ___ ____, and it washed me so far away” Dam That River - Alice In Chains
19%
“Possibly I’ve seen too much, ____ __ I know too much” Hangar 18 - Megadeth
15%
“Touch me again for the words that you will hear evermore, hey, ___ ____ __ __” Don’t Tread On Me - Metallica
11%
“I’m the _______, firing whenever you quit” Generator - Foo Fighters
11%
“Hey I’m feeling, oh I’m feeling ______, ______, ______, ______” Outshined - Soundgarden
11%
“Oh, baby, please be there, ___ __ ___, cut me my share” Suck My Kiss - Red Hot Chili Peppers
11%
No matching quizzes found
Score Distribution
Percent of People with Each Score
Percentile by Number Answered
Your Score History
You have not taken this quiz